000 01552nam a22002417a 4500
003 OSt
005 20180905080839.0
008 180220b xxu||||| |||| 00| 0 spa d
020 _a9507274200
040 _cPJ
100 _92040
_aPeralta Mariscal, Leopoldo L.
245 1 0 _aJuicio hipotecario /
_cLeopoldo L. Peralta Mariscal; prólogo de Julio César Rivera.
260 _aBuenos Aires :
_cRubinzal - Culzoni,
_b2002.
300 _a637 p.
_c23 cm.
504 _aBibliografía: p. 611-616.
505 _aContenido: Breve acercamiento al derecho real de hipoteca -- El título ejecutivo hipotecario -- Competencia -- Inicio de juicio hipotecario -- Modificación de la pretensión ejecutante -- Intervención de la parte ejecutada -- Excepciones -- Sentencia -- Régimen de los intereses -- Cumplimiento de la sentencia -- El Privilegio del acreedor hipotecario y su efectivización en la ejecución -- Ejecución contra el tercer adquirente y el tercer poseedor del inmueble hipotecado -- Ejecución de la hipoteca constituida por condómino -- Regimén de los honorarios profesionales de los letrados intervinientes en el juicio hipotecario -- Régimen recursivo en el juicio hipotecario -- La ejecución hipotecaria y el concurso o quiebra del deudor -- Pagarés y letras hipotecarias.
650 0 _91148
_aDERECHO PROCESAL CIVIL
650 0 _91953
_aPROCEDIMIENTO CIVIL
650 0 _92024
_aPROCESOS ESPECIALES
650 0 _91819
_aHIPOTECA
700 _91330
_aRivera, Julio César
_eprologuista
942 _2udc
_cLIB
_h347.952
_iPER
999 _c1359
_d1359